Normal view
MARC view
- Technology
Entry Topical Term
001 - CONTROL NUMBER
- control field: 219
003 - CONTROL NUMBER IDENTIFIER
- control field: OSt
005 - DATE AND TIME OF LATEST TRANSACTION
- control field: 20170413155239.0
008 - FIXED-LENGTH DATA ELEMENTS
- fixed length control field: 170413|| aca||aabn | a|a d
040 ## - CATALOGING SOURCE
- Original cataloging agency: OSt
- Transcribing agency: OSt
150 ## - HEADING--TOPICAL TERM
- Topical term or geographic name entry element: Technology
- General subdivision: Addresses, essays, lectures
670 ## - SOURCE DATA FOUND
- Source citation: Work cat.: (OSt)0: Mahathir Mohamad, Tun, 1925- 41, Science, technology and creativity /, 1995

PORTAL AKMAL
E-MEL JKDM
AKMAL2U
G-BAM
u-PUSTAKA